Southville International School and Colleges
Your cart is empty.
  • Cart
  • Lists
    Public lists Eva Luna New books Lux_list list_1
    Your lists Log in to create your own lists
  • Log in to your account
  • Your cookies
  • Search history
Southville International School and Colleges
  • Advanced search
  • Recent comments
  • Most popular
  • Libraries

Log in to your account

Log in with GOOGLE


If you do not have an external account, but do have a local account, you can still log in:

  1. Home
  2. MARC view: Pippo :
Normal view MARC view ISBD view

Pippo : (Record no. 112053)

[ view plain ]
MARC details
000 -LEADER
fixed length control field 00599nam a2200193 a 4500
001 - CONTROL NUMBER
control field 3330
005 - DATE AND TIME OF LATEST TRANSACTION
control field 20140414131927.0
008 - FIXED-LENGTH DATA ELEMENTS--GENERAL INFORMATION
fixed length control field 040603s19uu xx 00 eng d
020 ## - INTERNATIONAL STANDARD BOOK NUMBER
International Standard Book Number 0-689-71255-3
050 ## - LIBRARY OF CONGRESS CALL NUMBER
Classification number ER
Item number P66 1988
100 ## - MAIN ENTRY--PERSONAL NAME
Personal name Oxenbury, Helen
245 ## - TITLE STATEMENT
Title Pippo :
Statement of responsibility, etc Helen Oxenbury.
Remainder of title Tom and Pippo the washing machine /
260 ## - PUBLICATION, DISTRIBUTION, ETC. (IMPRINT)
Place of publication, distribution, etc New York :
Name of publisher, distributor, etc Aladdin Books,
Date of publication, distribution, etc 1988.
300 ## - PHYSICAL DESCRIPTION
Extent 1 v. (unp.) : ill. ; cm.
440 ## - SERIES STATEMENT/ADDED ENTRY--TITLE
Title Pippo 8
520 ## - SUMMARY, ETC.
Summary, etc Pippo the toy monkey get washed in the washing machine after playing in the mud with Tom.
650 ## - SUBJECT ADDED ENTRY--TOPICAL TERM
Topical term or geographic name as entry element Toys
General subdivision Fiction.
Holdings
Withdrawn status Lost status Damaged status Use restrictions Home library Current library Shelving location Date acquired Source of acquisition Total Checkouts Full call number Barcode Date last seen Price effective from Koha item type
        Munich Library Munich Library Easy Reading Section 12/20/2004     ER P66 1988 M3065 04/14/2014 04/14/2014 Books

Pippo :

APA

Oxenbury H., . (1988). Pippo. New York: Aladdin Books.

Chicago

Oxenbury Helen, . 1988. Pippo. New York: Aladdin Books.

Harvard

Oxenbury H., . (1988). Pippo. New York: Aladdin Books.

MLA

Oxenbury Helen, . Pippo. New York: Aladdin Books. 1988.

  • Place hold
  • Print
  • Cite
  • Add to your cart (remove)
  • Save record
    BIBTEX Dublin Core MARCXML MARC (non-Unicode/MARC-8) MARC (Unicode/UTF-8) MARC (Unicode/UTF-8, Standard) MODS (XML) RIS
  • More searches
    Search for this title in:
    Other Libraries (WorldCat) Other Databases (Google Scholar) Online Stores (Bookfinder.com) Open Library (openlibrary.org)

Exporting to Dublin Core...

SOUTHVILLE LIBRARY

Southville International School and Colleges Library

1281 Tropical Ave. Cor. Luxembourg St., BF Homes International, Las Pinas City

Tel. No. 8256374 / 252358 Loc. 117/146

Powered by Koha